000 02055cam a2200493 i 4500
001 200465301
003 TR-AnTOB
005 20251230160601.0
007 ta
008 251125t20192019enk b 000 0 eng d
010 _a 2019931644
015 _aGBB940643
_2bnb
016 7 _a019280141
_2Uk
020 _a9780198835097
_q(hardback)
020 _a0198835094
035 _a20817759
035 _a(OCoLC)1090425305
035 _a(TR-AnTOB)200465301
040 _aUKMGB
_beng
_erda
_cUKMGB
_dOCLCO
_dERASA
_dBDX
_dOCLCF
_dDLC
_dTR-AnTOB
041 0 _aeng
050 0 0 _aKZ1160
_b.I58 2019
090 _aKZ1160
_b.I58 2019
245 0 0 _aInternational development law :
_bthe Max Planck encyclopedia of public international law /
_cpublished under the auspices of the Max Plank Foundation for International Peace and the Rule of Law ; edited under the direction of Petra Minnerop, Frauke Lachenmann, Rüdiger Wolfrum, Frauke Lachermann.
246 1 0 _aThe Max Planck encyclopedia of public international law
250 _aFirt edition.
264 1 _aOxford, United Kingdom :
_bOxford University Press,
_c2019.
264 4 _c©2019
300 _axxviii, 953 pages ;
_c25 cm
336 _atext
_btxt
_2rdacontent
337 _aunmediated
_bn
_2rdamedia
338 _avolume
_bnc
_2rdacarrier
504 _aBIB
650 0 _aInternational law
_vEncyclopedias
_9117682
650 7 _aInternational law.
_2fast
_0(OCoLC)fst00976984
_9117682
655 7 _aEncyclopedias
_2lcgft
_0(OCoLC)fst01423798
_9117263
655 7 _aEncyclopedias
_2lcgft
_0https://id.loc.gov/authorities/genreForms/gf2014026092
_9117263
700 1 _aMinnerop, Petra
_eeditor
_0https://lccn.loc.gov/nr2005011176
_9150920
700 1 _aWolfrum, Rüdiger
_eeditor
_0https://lccn.loc.gov/n84114854
_9150921
700 1 _aLachenmann, Frauke
_eeditor
_0https://lccn.loc.gov/nb2007008671
_9150922
710 2 _aMax-Planck-Gesellschaft zur Förderung der Wissenschaften
_0https://lccn.loc.gov/n50083089
_9150923
942 _2lcc
_cBK
999 _c200465301
_d83513